Sports Quiz

Random Sports Quiz

2014 BBC Sports Personality Of The Year Quiz Stats

 Plays Quiz not verified by Sporcle

Score 0/10 Timer 02:00
0 Plays Today
Hint Answer % Correct
Lewis Hamilton
100%
Rory McIlroy
47.1%
Carl Froch
35.3%
Gareth Bale
23.5%
Jo Pavey
17.6%
Max Whitlock
17.6%
Adam Peaty
17.6%
Kelly Gallagher
5.9%
Lizzy Yarnold
0%
Charlotte Dujardin
0%

You're not logged in!

Compare scores with friends on all Sporcle quizzes.
OR
Log In

Sporcle TV

Today on Sporcle TV


Watch our educational content, quiz creation guides, and fun videos on Sporcle TV.

Show Comments

Extras

Created Jan 6, 2015ReportNominate
Tags:2014, bbc, BBC Sport, Personality

Top Quizzes Today


Score Distribution

Your Account Isn't Verified!

In order to create a playlist on Sporcle, you need to verify the email address you used during registration. Go to your Sporcle Settings to finish the process.

Report this User

Report this user for behavior that violates our Community Guidelines.

Details: